[Event "48th Bosna it"]
[Site "Sarajevo BIH"]
[Date "2018.05.10"]
[Round "8.2"]
[White "Ivic, Velimir"]
[Black "Can, Emre"]
[Result "0-1"]
[WhiteElo "2405"]
[BlackElo "2596"]
[EventDate "2018.05.05"]
[PlyCount "70"]

1.e4 c5 2.Nf3 d6 3.d4 cxd4 4.Nxd4 Nf6 5.Nc3 a6 6.h4 Nc6 7.Be3 Ng4 8.Nxc6 
bxc6 9.Bd2 h5 10.f3 Ne5 11.Be3 Rb8 12.b3 Qa5 13.Qd2 g6 14.Na4 Qxd2+ 15.
Bxd2 Bg7 16.O-O-O O-O 17.Be2 c5 18.f4 Ng4 19.Rhf1 Bd7 20.Bxg4 hxg4 21.Nc3 
f5 22.Rde1 Bc6 23.Nd5 Rf7 24.c4 e6 25.Nc3 Bxc3 26.Bxc3 fxe4 27.g3 d5 28.
Be5 Rd8 29.cxd5 exd5 30.Rf2 d4 31.Rc2 e3 32.Rxc5 Bf3 33.Bxd4 Rxd4 34.Rxe3 
Rd1+ 35.Kb2 Rg1 0-1

[Event "48th Bosna it"]
[Site "Sarajevo BIH"]
[Date "2018.05.10"]
[Round "8.3"]
[White "Predke, Alexandr"]
[Black "Djukic, Nikola"]
[Result "1-0"]
[WhiteElo "2603"]
[BlackElo "2556"]
[EventDate "2018.05.05"]
[PlyCount "107"]

1.e4 c5 2.Nf3 Nc6 3.d4 cxd4 4.Nxd4 g6 5.c4 Nf6 6.Nc3 Nxd4 7.Qxd4 d6 8.Be3 
Bg7 9.f3 O-O 10.Qd2 Qa5 11.Rc1 Be6 12.b3 Rfc8 13.Bd3 a6 14.Ne2 Qxd2+ 15.
Kxd2 Nd7 16.Nf4 Nc5 17.Be2 a5 18.h4 Be5 19.g4 f6 20.g5 f5 21.Nxe6 Nxe6 22.
exf5 gxf5 23.Bd3 Rf8 24.c5 f4 25.Bf2 Nxc5 26.Bxc5 dxc5 27.Rxc5 Bd6 28.Rb5 
Rab8 29.Bc4+ Kg7 30.h5 b6 31.h6+ Kh8 32.Rd5 Rbd8 33.Kd3 e6 34.Rd4 Be7 35.
Rxd8 Rxd8+ 36.Ke4 Bxg5 37.Bxe6 Rf8 38.Ke5 Bf6+ 39.Kd6 Rd8+ 40.Kc7 Re8 41.
Bc4 Bd4 42.Rh4 b5 43.Bxb5 Re6 44.Kd7 Rf6 45.Rh5 Bc3 46.Ke7 Rb6 47.Bc4 Bb4+
48.Kf7 Rb7+ 49.Kf6 Rb6+ 50.Kf5 Rg6 51.Ke4 Be1 52.Bf7 Rf6 53.Re5 Rxh6 54.
Rg5 1-0

[Event "48th Bosna it"]
[Site "Sarajevo BIH"]
[Date "2018.05.10"]
[Round "8.4"]
[White "Fier, Alexandr"]
[Black "Cvitan, Ognjen"]
[Result "1/2-1/2"]
[WhiteElo "2580"]
[BlackElo "2487"]
[EventDate "2018.05.05"]
[PlyCount "69"]

1.e4 c5 2.Nf3 g6 3.d4 cxd4 4.Nxd4 Nc6 5.c4 Nf6 6.Nc3 d6 7.Nc2 Bg7 8.Be2 
O-O 9.O-O Bd7 10.Be3 Qa5 11.f3 Rfc8 12.Rb1 Ne5 13.b4 Qd8 14.Na3 Be6 15.Nd5
Bxd5 16.cxd5 a5 17.b5 Rc3 18.Bc1 Qb6+ 19.Kh1 Qc5 20.Rb3 Rc8 21.Bd2 Rxb3 
22.Qxb3 Qd4 23.Bxa5 Nfd7 24.Nc2 Qa7 25.Bd2 Nc5 26.Qb1 Na4 27.Be3 Qa8 28.
Nd4 Nc3 29.Qb3 Nxe2 30.Nxe2 Nc4 31.Rc1 Nxe3 32.Qxe3 Rxc1+ 33.Nxc1 Qa5 34.
Qe2 Bb2 35.Nd3 1/2-1/2

[Event "48th Bosna it"]
[Site "Sarajevo BIH"]
[Date "2018.05.10"]
[Round "8.5"]
[White "Brkic, Ante"]
[Black "Tratar, Marko"]
[Result "1-0"]
[WhiteElo "2598"]
[BlackElo "2456"]
[EventDate "2018.05.05"]
[PlyCount "47"]

1.e4 d5 2.exd5 Qxd5 3.Nc3 Qd6 4.d4 c6 5.Nf3 Nf6 6.g3 Bf5 7.Bf4 Qd8 8.Bg2 
e6 9.O-O Be7 10.Ne5 h6 11.Qe2 O-O 12.Rad1 Nbd7 13.Rfe1 Nb6 14.a3 Rc8 15.g4
Bh7 16.Bg3 Nfd5 17.Ne4 f6 18.Nd3 f5 19.Nec5 Bxc5 20.dxc5 f4 21.Nxf4 Nxf4 
22.Bxf4 Nd5 23.Bd6 Re8 24.c4 1-0

[Event "48th Bosna it"]
[Site "Sarajevo BIH"]
[Date "2018.05.10"]
[Round "8.6"]
[White "Kadric, Denis"]
[Black "Kurajica, Bojan"]
[Result "1-0"]
[WhiteElo "2500"]
[BlackElo "2516"]
[EventDate "2018.05.05"]
[PlyCount "57"]

1.e4 c5 2.Nc3 Nc6 3.Nge2 e5 4.Ng3 g6 5.Bc4 Bg7 6.d3 d6 7.h4 h5 8.Bg5 Qd7 
9.Nd5 b6 10.c3 Bb7 11.a4 f6 12.Be3 Nge7 13.b4 Nd8 14.Nxe7 Kxe7 15.Qb3 Ne6 
16.O-O Rac8 17.Rae1 Bc6 18.b5 Bb7 19.f4 exf4 20.Bxf4 Nxf4 21.Rxf4 Bh6 22.
Rf3 Qg4 23.Bd5 c4 24.Qb4 Bf4 25.e5 fxe5 26.Bxb7 Rc7 27.Re4 Rf8 28.Ne2 cxd3
29.Nxf4 1-0

[Event "48th Bosna it"]
[Site "Sarajevo BIH"]
[Date "2018.05.10"]
[Round "8.7"]
[White "Diermair, Andreas"]
[Black "Manea, Alexandru"]
[Result "1-0"]
[WhiteElo "2504"]
[BlackElo "2402"]
[EventDate "2018.05.05"]
[PlyCount "75"]

1.Nf3 c5 2.e4 e6 3.g3 Nc6 4.Bg2 Nf6 5.Qe2 d6 6.O-O Be7 7.c3 e5 8.Na3 O-O 
9.Nc2 Re8 10.d3 Rb8 11.a4 a6 12.Ne3 Na5 13.Nd2 b5 14.axb5 axb5 15.f4 exf4 
16.gxf4 Bf8 17.Qf2 Qc7 18.Qg3 Nc6 19.Kh1 Kh8 20.Bf3 Bb7 21.Qg2 Ra8 22.Rxa8
Bxa8 23.Rg1 Ne7 24.e5 Bxf3 25.Nxf3 Nh5 26.Ng5 Kg8 27.Qg4 Qc6+ 28.Ne4 d5 
29.Nd6 d4+ 30.Ng2 g6 31.Nxe8 Qxe8 32.cxd4 cxd4 33.Nh4 Ng7 34.f5 Qc6+ 35.
Qe4 Qxe4+ 36.dxe4 Nc6 37.Nf3 Kh8 38.Bh6 1-0

[Event "48th Bosna it"]
[Site "Sarajevo BIH"]
[Date "2018.05.10"]
[Round "8.8"]
[White "Dizdarevic, Emir"]
[Black "Sadikhov, Ulvi"]
[Result "1/2-1/2"]
[WhiteElo "2458"]
[BlackElo "2473"]
[EventDate "2018.05.05"]
[PlyCount "30"]

1.Nf3 Nf6 2.g3 g6 3.b3 Bg7 4.Bb2 O-O 5.Bg2 d6 6.d4 a5 7.O-O Nbd7 8.c4 a4 
9.Nc3 axb3 10.axb3 Rxa1 11.Qxa1 c6 12.e3 Re8 13.Nd2 h5 14.b4 Nf8 15.Qa5 
Qxa5 1/2-1/2

[Event "48th Bosna it"]
[Site "Sarajevo BIH"]
[Date "2018.05.10"]
[Round "8.9"]
[White "Blagojevic, Dragisa"]
[Black "Nestorovic, Dejan"]
[Result "1/2-1/2"]
[WhiteElo "2483"]
[BlackElo "2364"]
[EventDate "2018.05.05"]
[PlyCount "114"]

1.d4 Nf6 2.c4 e6 3.Nf3 Bb4+ 4.Bd2 a5 5.g3 d5 6.a3 Be7 7.Bg2 c6 8.Qc2 O-O 
9.O-O Nbd7 10.Bf4 Nh5 11.Bc1 Nhf6 12.b3 b5 13.c5 Ne4 14.Bb2 f5 15.Ne1 Bg5 
16.Nd3 Qf6 17.e3 Qh6 18.Nd2 Nxd2 19.Qxd2 Ba6 20.Rfe1 Bd8 21.Bc3 Bc8 22.f3 
a4 23.b4 Bf6 24.Qe2 g5 25.e4 Rf7 26.e5 Bd8 27.f4 g4 28.h3 gxh3 29.Bf3 Rg7 
30.Kh2 Nf8 31.Rg1 Raa7 32.Bd2 Kh8 33.Nf2 Rg8 34.Bh5 Rag7 35.Bf3 Bd7 36.
Raf1 Be8 37.Be3 Bf7 38.Nh1 Rg6 39.g4 fxg4 40.Bxg4 Qh4 41.Bxh3 Rxg1 42.Bxg1
Bg6 43.Ng3 Qh6 44.f5 Bxf5 45.Nxf5 exf5 46.Qf3 Ng6 47.Be3 f4 48.Bxf4 Nxf4 
49.Qxf4 Qg7 50.Qf2 Bg5 51.Qg3 Qh6 52.Qf3 Be7 53.Qe2 Qh4 54.Qf2 Qh6 55.Qe2 
Qh4 56.Qf2 Qh6 57.Qe2 Qh4 1/2-1/2

[Event "48th Bosna it"]
[Site "Sarajevo BIH"]
[Date "2018.05.10"]
[Round "8.10"]
[White "Eric, Jovana"]
[Black "Schreiner, Peter"]
[Result "1-0"]
[WhiteElo "2301"]
[BlackElo "2473"]
[EventDate "2018.05.05"]
[PlyCount "115"]

1.e4 e5 2.Nf3 Nc6 3.Bc4 Nf6 4.d3 Bc5 5.O-O O-O 6.Bb3 a5 7.c3 d5 8.exd5 
Nxd5 9.d4 exd4 10.cxd4 Bb4 11.a3 Be7 12.Nc3 Be6 13.Re1 Qd7 14.h3 Rad8 15.
Ne4 f6 16.Nc5 Bxc5 17.dxc5 Bf7 18.Bd2 g5 19.Qc1 h6 20.Ba4 Nde7 21.Bc3 Bd5 
22.Nd4 Ng6 23.Qc2 Nh4 24.Bb3 Nxd4 25.Bxd4 Bxb3 26.Qxb3+ Qd5 27.Qxd5+ Rxd5 
28.Be3 a4 29.Rac1 c6 30.Rc4 Ra8 31.Bd4 Kf7 32.Bc3 f5 33.Rb4 Rd7 34.f4 Ng6 
35.fxg5 hxg5 36.g3 Ne7 37.Re5 Nd5 38.Rd4 Kg6 39.Re6+ Kh7 40.Re5 Rf7 41.Bd2
Kg6 42.Kg2 Kf6 43.Re1 Rd7 44.Kf3 Kg6 45.Re5 Kf6 46.Re1 Rh8 47.Bc3 Nxc3 48.
Rxd7 Ne4 49.Kg2 Ke6 50.Rxb7 Rd8 51.g4 Rd2+ 52.Kf3 Rf2+ 53.Ke3 Kd5 54.gxf5 
Rf4 55.Rd7+ Ke5 56.Kd3 Kxf5 57.Rxe4 Rxe4 58.Rf7+ 1-0

[Event "48th Bosna it"]
[Site "Sarajevo BIH"]
[Date "2018.05.10"]
[Round "8.11"]
[White "Subelj, Jan"]
[Black "Radovanovic, Nikola"]
[Result "0-1"]
[WhiteElo "2284"]
[BlackElo "2438"]
[EventDate "2018.05.05"]
[PlyCount "120"]

1.e4 g6 2.d4 Bg7 3.Nc3 d6 4.Bc4 e6 5.Nf3 Ne7 6.h4 h6 7.Bf4 a6 8.e5 d5 9.
Bd3 c5 10.Qd2 Nd7 11.dxc5 Nxc5 12.O-O-O Bd7 13.Nh2 Qc7 14.Ng4 Nxd3+ 15.
Qxd3 f5 16.Nh2 Bxe5 17.Bxe5 Qxe5 18.Nf3 Qf4+ 19.Kb1 O-O-O 20.Rhe1 Nc6 21.
Ne2 Qg4 22.g3 e5 23.Qxd5 Rhe8 24.Nh2 Qb4 25.a3 Qb6 26.Qf3 e4 27.Qf4 Ne5 
28.Qe3 Qxe3 29.fxe3 g5 30.Rd6 Be6 31.Rxd8+ Rxd8 32.Nd4 Bd7 33.Rf1 Nc4 34.
Re1 gxh4 35.gxh4 Rg8 36.b3 Ne5 37.Kc1 Rg3 38.Rf1 Rg2 39.Rh1 Ng4 40.Nxg4 
fxg4 41.Kd1 g3 42.Ke1 Bg4 43.Rf1 Kd7 44.Rf7+ Ke8 45.Rf4 Rg1+ 46.Rf1 Rg2 
47.Rf4 h5 48.Rxe4+ Kd7 49.Rf4 Kd6 50.Kf1 Bh3 51.Ne2 Rh2+ 52.Ke1 Rh1+ 53.
Kd2 g2 54.e4 Bg4 55.Rf2 Bxe2 56.Rxg2 Bg4 57.Ke3 Ke5 58.Rf2 Rh3+ 59.Kd2 Bf3
60.Rf1 Bxe4 0-1

[Event "48th Bosna it"]
[Site "Sarajevo BIH"]
[Date "2018.05.10"]
[Round "8.12"]
[White "Krishna, C. R. G."]
[Black "Dietmayer-Kraeutler, Marco"]
[Result "1/2-1/2"]
[WhiteElo "2416"]
[BlackElo "2318"]
[EventDate "2018.05.05"]
[PlyCount "83"]

1.d4 d5 2.Nf3 Nf6 3.c4 e6 4.g3 Bb4+ 5.Bd2 Be7 6.Bg2 O-O 7.O-O dxc4 8.Qc2 
b5 9.a4 c6 10.axb5 cxb5 11.Ng5 h6 12.Bxa8 hxg5 13.Rxa7 Nd5 14.Ba5 Qe8 15.
b3 Bf6 16.bxc4 bxc4 17.Rd1 Nc6 18.Bxc6 Qxc6 19.e4 Bxd4 20.exd5 Qxd5 21.Bb6
e5 22.Nc3 Qf3 23.Bxd4 exd4 24.Rxd4 Bh3 25.Qe4 Qxc3 26.Rxc4 Qb2 27.Ra8 Rxa8
28.Qxa8+ Kh7 29.Qe4+ g6 30.Qc2 Qe5 31.Qd1 Qe6 32.Rd4 Qe5 33.Rd3 Qe4 34.f3 
Qe6 35.Kf2 Qb6+ 36.Rd4 Qb2+ 37.Qd2 Qa1 38.g4 Qf1+ 39.Kg3 Qg1+ 40.Kxh3 Qf1+
41.Kg3 Qg1+ 42.Qg2 1/2-1/2

[Event "48th Bosna it"]
[Site "Sarajevo BIH"]
[Date "2018.05.10"]
[Round "8.13"]
[White "Hodzic, Nihad"]
[Black "Marjanovic, Dejan"]
[Result "1-0"]
[WhiteElo "2280"]
[BlackElo "2391"]
[EventDate "2018.05.05"]
[PlyCount "179"]

1.d4 Nf6 2.c4 e6 3.Nc3 c5 4.d5 d6 5.e4 exd5 6.cxd5 g6 7.h3 Bg7 8.Nf3 O-O 
9.Bd3 Na6 10.O-O Nc7 11.Re1 Nd7 12.Bf4 Qe7 13.Bf1 f6 14.Nd2 Ne5 15.Be3 g5 
16.Nc4 Bd7 17.a4 Rae8 18.Nxe5 Qxe5 19.Be2 h6 20.Bh5 Re7 21.g4 Be8 22.Bxe8 
Rexe8 23.Qf3 a6 24.Qf5 Ra8 25.Qxe5 fxe5 26.Ne2 b5 27.Ng3 bxa4 28.Rxa4 Rab8
29.Rb1 Rb6 30.b4 Rfb8 31.Bd2 Rb5 32.Rc1 Bf8 33.Nf5 R8b6 34.Kg2 Ne8 35.Rc4 
Kh7 36.Ne3 cxb4 37.Rcxb4 Kg6 38.Nc4 Rb8 39.Na3 Rxb4 40.Rxb4 Rxb4 41.Bxb4 
Be7 42.Nc4 Kf6 43.Ba5 Bf8 44.Bd8+ Be7 45.Bb6 Bf8 46.Na5 Ke7 47.Nc6+ Kd7 
48.Ba5 Kc8 49.Nb4 Kb7 50.Kf3 Nf6 51.Nc6 Nd7 52.Ke3 Kc8 53.f3 Nc5 54.Bb4 
Nd7 55.Kd3 Kc7 56.Ba5+ Kc8 57.Kc4 Nc5 58.Bb6 Nb7 59.Kb4 Bg7 60.Ka4 Bf8 61.
Nb4 a5 62.Nc6 Kd7 63.Kb5 Kc8 64.Ka6 a4 65.Na7+ Kb8 66.Kb5 a3 67.Nc6+ Kc8 
68.Nb4 Kd7 69.Ka4 Be7 70.Kxa3 Bd8 71.Bf2 Bf6 72.Nc6 Nd8 73.Na5 Nf7 74.Kb4 
Bd8 75.Nc4 Nh8 76.Kb5 Ng6 77.Ne3 Nf4 78.Nf5 Nxh3 79.Be3 Bc7 80.Nxh6 Bd8 
81.Nf5 Bf6 82.Kc4 Bd8 83.Kd3 Nf4+ 84.Bxf4 gxf4 85.Ng7 Bf6 86.Ne6 Ke7 87.
Kc4 Bh4 88.Kb5 Be1 89.Kc6 Bb4 90.Ng7 1-0

[Event "48th Bosna it"]
[Site "Sarajevo BIH"]
[Date "2018.05.10"]
[Round "8.14"]
[White "Obad, Andrija"]
[Black "Stoyanov, Tsvetan"]
[Result "1/2-1/2"]
[WhiteElo "2280"]
[BlackElo "2373"]
[EventDate "2018.05.05"]
[PlyCount "137"]

1.e4 e5 2.Nf3 Nc6 3.Bc4 Bc5 4.O-O Nf6 5.d4 Bxd4 6.Nxd4 Nxd4 7.f4 d6 8.fxe5
dxe5 9.Bg5 Qe7 10.Na3 Bd7 11.Qe1 Ne6 12.Bxf6 gxf6 13.Qf2 Nf4 14.Kh1 Bc6 
15.Bb5 Bxb5 16.Nxb5 c6 17.Na3 Qb4 18.c3 Qa4 19.c4 O-O-O 20.g3 Nd3 21.Qxf6 
Rhe8 22.Qxf7 b6 23.Qxh7 Nxb2 24.Rf7 Qxa3 25.Rxa7 Qf3+ 26.Kg1 Qe3+ 27.Kg2 
Qd2+ 28.Kh1 Rd7 29.Qf5 Rd8 30.Rb1 Qc2 31.Rf1 Qxc4 32.Rf3 Nd3 33.a4 Nc5 34.
Rxd7 Rxd7 35.a5 Qxe4 36.axb6 Qxf5 37.Rxf5 Rd5 38.Rf7 Nd7 39.h4 Nxb6 40.g4 
Kd8 41.h5 Rd6 42.g5 Rd7 43.Rf5 e4 44.g6 e3 45.h6 e2 46.Re5 Rd1+ 47.Kh2 Rd5
48.Rxe2 Rh5+ 49.Kg1 Rxh6 50.g7 Rg6+ 51.Rg2 Rxg7 52.Rxg7 Nd7 53.Kf2 Kc7 54.
Ke3 Kd6 55.Kd4 Kc7 56.Rh7 Kd6 57.Rh6+ Kc7 58.Re6 Kb6 59.Kc4 Kc7 60.Kb4 Kb6
61.Re7 Kc7 62.Ka5 Kc8 63.Re6 Kc7 64.Re1 Kc8 65.Ka6 Kc7 66.Rc1 Nb8+ 67.Ka7 
Nd7 68.Ra1 Kc8 69.Re1 1/2-1/2

[Event "48th Bosna it"]
[Site "Sarajevo BIH"]
[Date "2018.05.10"]
[Round "8.15"]
[White "Nestorovic, Lazar"]
[Black "Doric, Nenad"]
[Result "1/2-1/2"]
[WhiteElo "2370"]
[BlackElo "2250"]
[EventDate "2018.05.05"]
[PlyCount "71"]

1.e4 e5 2.Bb5 c6 3.Ba4 Nf6 4.Qe2 Na6 5.c3 Nc5 6.Bc2 Ne6 7.d3 Bc5 8.Be3 
Bxe3 9.fxe3 Qb6 10.Bb3 Nc5 11.Nf3 d6 12.Nbd2 Nxb3 13.axb3 O-O 14.O-O Be6 
15.d4 Rfe8 16.Nh4 Qd8 17.Nf5 Bxf5 18.Rxf5 exd4 19.exd4 Nxe4 20.Nxe4 d5 21.
Qf2 Rxe4 22.Rxf7 Re7 23.Rf1 Qe8 24.Rf3 h6 25.Qg3 Kh7 26.Qh4 Re4 27.Qg3 Re7
28.Qh4 Re4 29.Rf4 Rxf4 30.Qxf4 Qe7 31.b4 a6 32.h3 Re8 33.Kh2 Kg8 34.Qg3 
Rf8 35.Re1 Qf7 36.Qd6 1/2-1/2

[Event "48th Bosna it"]
[Site "Sarajevo BIH"]
[Date "2018.05.10"]
[Round "8.17"]
[White "Sitnic, Adnan"]
[Black "Burovic, Rijad"]
[Result "0-1"]
[WhiteElo "2187"]
[BlackElo "2331"]
[EventDate "2018.05.05"]
[PlyCount "56"]

1.f4 g6 2.e4 Bg7 3.Nf3 d6 4.c3 Nf6 5.d3 O-O 6.Be2 c5 7.Na3 Nc6 8.O-O Rb8 
9.Nc2 b5 10.a3 a5 11.a4 b4 12.c4 e6 13.b3 d5 14.e5 Ne8 15.d4 f6 16.cxd5 
exd5 17.exf6 Nxf6 18.Ne5 Nxe5 19.dxe5 Ne4 20.Bb2 Be6 21.Ne3 Nc3 22.Bxc3 
bxc3 23.g4 Rb4 24.f5 gxf5 25.gxf5 Qg5+ 26.Kh1 Rh4 27.fxe6 Rxh2+ 28.Kxh2 
Bxe5+ 0-1

[Event "48th Bosna it"]
[Site "Sarajevo BIH"]
[Date "2018.05.10"]
[Round "8.18"]
[White "Urh, Zala"]
[Black "Jakupovic, Neven"]
[Result "1/2-1/2"]
[WhiteElo "2040"]
[BlackElo "2324"]
[EventDate "2018.05.05"]
[PlyCount "46"]

1.d4 Nf6 2.c4 d6 3.Nf3 g6 4.Nc3 Bg7 5.e4 O-O 6.h3 c5 7.d5 e6 8.Bd3 exd5 9.
exd5 Re8+ 10.Be3 Nbd7 11.O-O Ne5 12.Nxe5 Rxe5 13.Bf4 Re7 14.Qf3 Nh5 15.Bg5
f6 16.Bh4 Re5 17.Rae1 Qe7 18.Re4 Bd7 19.Rfe1 Qf8 20.g4 g5 21.Bg3 Nxg3 22.
Qxg3 f5 23.gxf5 Rxf5 1/2-1/2

[Event "48th Bosna it"]
[Site "Sarajevo BIH"]
[Date "2018.05.10"]
[Round "8.19"]
[White "Nenezic, Danilo"]
[Black "Kalezic, Blazo"]
[Result "0-1"]
[WhiteElo "2116"]
[BlackElo "2463"]
[EventDate "2018.05.05"]
[PlyCount "82"]

1.e4 c6 2.d3 g6 3.Nf3 d5 4.exd5 cxd5 5.d4 Bg7 6.Bd3 Bg4 7.c3 Nc6 8.h3 Bxf3
9.Qxf3 Nf6 10.O-O O-O 11.Qe3 Re8 12.f4 Qb6 13.Kh2 e6 14.Qe2 Qc7 15.Kh1 Nh5
16.Qf2 f5 17.Be3 Rab8 18.Nd2 Na5 19.Be2 Nf6 20.Nf3 Ne4 21.Qe1 Nc4 22.Bc1 
b5 23.Ne5 a5 24.a3 b4 25.Nxc4 dxc4 26.axb4 axb4 27.Bf3 bxc3 28.bxc3 Nf6 
29.Ra6 Qf7 30.Qe2 Nd5 31.Qxc4 Rbc8 32.Rc6 Qd7 33.Rc5 Bf8 34.Rxc8 Rxc8 35.
Qa6 Rxc3 36.Bd2 Ra3 37.Qe2 Ra2 38.Qd3 Kf7 39.Rb1 Be7 40.Bc1 Qc6 41.Bb2 
Rxb2 0-1

[Event "48th Bosna it"]
[Site "Sarajevo BIH"]
[Date "2018.05.10"]
[Round "8.20"]
[White "Drasko, Milan"]
[Black "Bucan, Eldin"]
[Result "1-0"]
[WhiteElo "2449"]
[BlackElo "2115"]
[EventDate "2018.05.05"]
[PlyCount "95"]

1.Nf3 g6 2.g3 Bg7 3.d4 d6 4.Bg2 Nd7 5.c4 e5 6.Nc3 Ne7 7.dxe5 Nxe5 8.Nxe5 
Bxe5 9.Qd3 O-O 10.O-O Bg7 11.b3 Bf5 12.Qd2 Qc8 13.Bb2 Bh3 14.Rfe1 Bxg2 15.
Kxg2 Qe6 16.e4 Bxc3 17.Qxc3 f6 18.c5 dxc5 19.Qxc5 Nc6 20.Rad1 Rad8 21.f3 
g5 22.h3 Rd7 23.Rxd7 Qxd7 24.Bc3 Ne5 25.Qd5+ Qxd5 26.exd5 Nd7 27.Bb4 Rf7 
28.d6 cxd6 29.Bxd6 Kg7 30.f4 Kg6 31.Kf3 h5 32.Re8 gxf4 33.Kxf4 Nb6 34.Rg8+
Kh7 35.Rd8 Kg6 36.Ke4 Nd7 37.Kd5 Kf5 38.g4+ hxg4 39.hxg4+ Kg6 40.Ke6 Nb6 
41.Rg8+ Rg7 42.Rxg7+ Kxg7 43.Be7 a5 44.Bxf6+ Kg6 45.Bd4 Nc8 46.Kd7 Kg5 47.
Kxc8 Kxg4 48.Kxb7 1-0

[Event "48th Bosna it"]
[Site "Sarajevo BIH"]
[Date "2018.05.10"]
[Round "8.21"]
[White "Alaz, Ahmet Efekan"]
[Black "Runic, Zoran"]
[Result "1/2-1/2"]
[WhiteElo "2072"]
[BlackElo "2408"]
[EventDate "2018.05.05"]
[PlyCount "143"]

1.d4 Nf6 2.Nf3 d6 3.Nc3 Nbd7 4.e4 e5 5.Bc4 Be7 6.dxe5 dxe5 7.Bg5 c6 8.Bxf6
Bxf6 9.O-O O-O 10.Qe2 a5 11.a4 Qe8 12.Rad1 Be7 13.Nb1 Bc5 14.c3 Qe7 15.
Nbd2 Nf6 16.Rfe1 Ng4 17.Rf1 Nf6 18.Rfe1 g6 19.Nf1 Nh5 20.Ng3 Nf4 21.Qf1 
Bg4 22.Be2 h5 23.h4 Nxe2+ 24.Qxe2 Rad8 25.Nf1 Bxf3 26.Qxf3 Qxh4 27.Ne3 
Rxd1 28.Rxd1 Rd8 29.Rxd8+ Qxd8 30.Nc4 f6 31.Qe2 Kg7 32.g3 Ba7 33.Kg2 Kf7 
34.Qf3 Ke7 35.Qe2 Bc5 36.Kf1 Qa8 37.Ke1 Qa7 38.Kf1 b5 39.axb5 cxb5 40.Nd2 
Qd7 41.Kg2 Bb6 42.Nf1 Qc6 43.Kg1 a4 44.Qd3 Qd7 45.Qe2 Kd6 46.Ne3 Bxe3 47.
Qxe3 Qc6 48.Kh2 Qc5 49.Qd3+ Kc7 50.Kg2 Qc6 51.Kg1 Kb6 52.Qe3+ Ka6 53.Qd3 
g5 54.Qf3 g4 55.Qd3 Kb6 56.Qe3+ Kb7 57.Qd3 Kc7 58.Qe3 Kd6 59.Kh2 Qc5 60.
Qd3+ Ke6 61.Kg1 Qc6 62.Qe3 Qc4 63.Qb6+ Kf7 64.Qa7+ Kg6 65.Qa8 Qf7 66.Qb8 
Qc4 67.Qa8 Kf7 68.Qb7+ Kf8 69.Qb8+ Kg7 70.Qb7+ Kh6 71.Qe7 Kg6 72.Qe8+ 
1/2-1/2

[Event "48th Bosna it"]
[Site "Sarajevo BIH"]
[Date "2018.05.10"]
[Round "8.22"]
[White "Arapovic, Vitomir"]
[Black "Pantovic, Dragan"]
[Result "1-0"]
[WhiteElo "2329"]
[BlackElo "2107"]
[EventDate "2018.05.05"]
[PlyCount "105"]

1.e4 d6 2.d4 Nf6 3.Nc3 e5 4.Nf3 exd4 5.Nxd4 Be7 6.Be2 O-O 7.O-O Re8 8.Bf3 
Nbd7 9.g3 c6 10.Nf5 Ne5 11.Nxe7+ Qxe7 12.Bg2 Bg4 13.f3 Be6 14.f4 Nc4 15.b3
Nb6 16.Bb2 Rad8 17.h3 d5 18.e5 Ne4 19.Nxe4 dxe4 20.Qe2 Qc5+ 21.Kh2 e3 22.
Rad1 g6 23.Rfe1 a5 24.Rd3 Bf5 25.Rc3 Qd4 26.Qxe3 Qxe3 27.Rcxe3 Bxc2 28.g4 
a4 29.Rc3 axb3 30.axb3 Bd1 31.f5 h5 32.gxh5 Bxh5 33.fxg6 fxg6 34.e6 Rd2 
35.Bc1 Re2 36.Re3 Rxe3 37.Rxe3 Nd5 38.Bxd5 cxd5 39.Bb2 Bd1 40.Bf6 Bc2 41.
Kg3 Bf5 42.e7 Kf7 43.Bg5 d4 44.Re5 Be6 45.b4 d3 46.Re4 b5 47.Rf4+ Bf5 48.
Rd4 Ke6 49.h4 Kf7 50.Kf4 Rc8 51.Rd8 Rc4+ 52.Kg3 Re4 53.Rf8+ 1-0

[Event "48th Bosna it"]
[Site "Sarajevo BIH"]
[Date "2018.05.10"]
[Round "8.23"]
[White "Kersic, Matej"]
[Black "Vlatkovic, Milos"]
[Result "1/2-1/2"]
[WhiteElo "2109"]
[BlackElo "2318"]
[EventDate "2018.05.05"]
[PlyCount "114"]

1.e4 c6 2.d4 d5 3.e5 c5 4.c4 cxd4 5.Qxd4 Nc6 6.Qxd5 Qc7 7.Nc3 a6 8.Qd1 
Qxe5+ 9.Be3 Nf6 10.Be2 Qa5 11.Qb3 e6 12.Bb6 Qb4 13.Nf3 Bc5 14.Bxc5 Qxc5 
15.O-O O-O 16.Na4 Qe7 17.Rfd1 Rb8 18.Nb6 Bd7 19.Nxd7 Nxd7 20.Nd4 Nce5 21.
Qe3 Rfe8 22.Rac1 Rbc8 23.b3 Ng6 24.Bf3 Nde5 25.Be2 Qc5 26.g3 Rcd8 27.Rc2 
Rd7 28.Rcd2 Red8 29.h4 h5 30.Qc3 b5 31.b4 Qc7 32.c5 Ng4 33.Nf3 Rxd2 34.
Rxd2 Rxd2 35.Qxd2 Ne7 36.Nh2 Nf6 37.Nf1 Nc6 38.Bf3 e5 39.Bxc6 Qxc6 40.Qd8+
Kh7 41.Qd3+ e4 42.Qd4 Qe6 43.a3 Qb3 44.Nd2 Qc2 45.Kg2 Kg6 46.Qe3 Kh7 47.
Qd4 Kg6 48.Qe3 Kh7 49.Qd4 Kh6 50.Qe3+ Kg6 51.Qg5+ Kh7 52.Qe3 Kg8 53.Qd4 
Kh8 54.Qd8+ Kh7 55.Qd4 Kh6 56.Qe3+ Kh7 57.Qd4 Kg6 1/2-1/2

[Event "48th Bosna it"]
[Site "Sarajevo BIH"]
[Date "2018.05.10"]
[Round "8.24"]
[White "Cerovic, Danilo"]
[Black "Sadikovic, Jasmin"]
[Result "1-0"]
[WhiteElo "2307"]
[BlackElo "2073"]
[EventDate "2018.05.05"]
[PlyCount "75"]

1.e4 d6 2.d4 Nf6 3.Nc3 g6 4.Be3 Bg7 5.Qd2 O-O 6.O-O-O c6 7.Bh6 b5 8.Bxg7 
Kxg7 9.Bd3 e5 10.dxe5 dxe5 11.f4 exf4 12.Qxf4 Nh5 13.Qe3 Qc7 14.Qd4+ Kg8 
15.Nf3 Bg4 16.e5 Bxf3 17.gxf3 Na6 18.Rhe1 Rad8 19.Qe3 Nb4 20.Be2 Qb6 21.
Qxb6 axb6 22.a3 Na6 23.a4 b4 24.Na2 b3 25.cxb3 Nc5 26.Bc4 b5 27.axb5 cxb5 
28.b4 Rc8 29.Bxf7+ Rxf7 30.bxc5 Rxc5+ 31.Kb1 Rxf3 32.Nb4 Rf8 33.Rd7 Re8 
34.Nd5 Kf8 35.e6 Kg8 36.Nc7 Rc8 37.e7 R5xc7 38.e8=Q+ 1-0

[Event "48th Bosna it"]
[Site "Sarajevo BIH"]
[Date "2018.05.10"]
[Round "8.25"]
[White "Hoeneveld, Maarten"]
[Black "Pecnik, Leo"]
[Result "0-1"]
[WhiteElo "2045"]
[BlackElo "2299"]
[EventDate "2018.05.05"]
[PlyCount "70"]

1.e4 e6 2.d4 d5 3.exd5 exd5 4.Nf3 Bg4 5.Be2 Bd6 6.O-O Ne7 7.Ne5 Bxe2 8.
Qxe2 O-O 9.Bf4 Re8 10.Qd2 c6 11.Nc3 Na6 12.Rfe1 Nc7 13.Nd3 Ne6 14.Bxd6 
Qxd6 15.Ne2 Ng6 16.c3 h6 17.h3 b6 18.Ng3 Nh4 19.Re3 c5 20.dxc5 bxc5 21.
Rae1 Red8 22.Re5 Ng5 23.Qe2 c4 24.Nb4 d4 25.Rd5 Qe6 26.Qxe6 Nxe6 27.cxd4 
Rdb8 28.a3 Nxg2 29.Kxg2 Rxb4 30.axb4 Nf4+ 31.Kf3 Nxd5 32.Rc1 Rc8 33.Ne4 
Nxb4 34.b3 a5 35.Ke3 Re8 0-1

[Event "48th Bosna it"]
[Site "Sarajevo BIH"]
[Date "2018.05.10"]
[Round "8.26"]
[White "Nestorovic, Katarina"]
[Black "Ozen, Bahadir"]
[Result "0-1"]
[WhiteElo "2038"]
[BlackElo "2295"]
[EventDate "2018.05.05"]
[PlyCount "64"]

1.e4 g6 2.d4 Bg7 3.Nc3 d6 4.Be3 a6 5.Qd2 Nd7 6.O-O-O b5 7.f3 Bb7 8.g4 h6 
9.h4 Ngf6 10.h5 g5 11.Nge2 e6 12.Ng3 Qe7 13.Kb1 Nb6 14.a3 Nfd7 15.f4 gxf4 
16.Bxf4 O-O-O 17.Be2 Ne5 18.Qe1 Nec4 19.Bc1 c5 20.b3 cxd4 21.bxc4 bxc4 22.
Na2 d5 23.Bf3 Qc7 24.Bb2 c3 25.Bc1 Nc4 26.Be2 Rd6 27.Bxc4 dxc4 28.Ka1 Rb6 
29.Rf1 Be5 30.Ne2 d3 31.Nexc3 dxc2 32.Nb4 cxd1=Q 0-1

[Event "48th Bosna it"]
[Site "Sarajevo BIH"]
[Date "2018.05.10"]
[Round "8.27"]
[White "Halilovic, Fahrudin"]
[Black "Vajic, Goran"]
[Result "0-1"]
[WhiteElo "2035"]
[BlackElo "2294"]
[EventDate "2018.05.05"]
[PlyCount "98"]

1.e4 e5 2.Nf3 Nf6 3.Nxe5 d6 4.Nf3 Nxe4 5.Nc3 Nxc3 6.dxc3 Be7 7.Be3 O-O 8.
Qd2 Nd7 9.O-O-O Ne5 10.Kb1 Be6 11.Bd4 Bf6 12.h4 Nxf3 13.gxf3 Bxd4 14.cxd4 
Qf6 15.Bd3 Bf5 16.Rdg1 Bxd3 17.Qxd3 Rae8 18.Rg5 Re7 19.a3 Rfe8 20.Ka2 Re1 
21.Rh2 g6 22.Rg4 Qe6+ 23.Qb3 Qxb3+ 24.Kxb3 R8e2 25.d5 Rd1 26.Rc4 Re7 27.
Ra4 a6 28.Rb4 b6 29.Ra4 a5 30.Re4 Kf8 31.h5 g5 32.Kc4 Rd2 33.c3 Rxb2 34.
Rg4 h6 35.a4 f5 36.Rg1 Rbe2 37.Rhh1 Rxf2 38.Re1 Rfe2 39.Rd1 Ke8 40.Kb5 Kd7
41.Kc4 R7e3 42.Rd3 f4 43.Kd4 Rxd3+ 44.Kxd3 Re3+ 45.Kd4 Rxf3 46.Ke4 Rxc3 
47.Kf5 f3 48.Kg6 f2 49.Kxh6 g4 0-1

[Event "48th Bosna it"]
[Site "Sarajevo BIH"]
[Date "2018.05.10"]
[Round "8.28"]
[White "Konjicanin, Muris"]
[Black "Mahmutbegovic, Muharem"]
[Result "1/2-1/2"]
[WhiteElo "2289"]
[BlackElo "2039"]
[EventDate "2018.05.05"]
[PlyCount "194"]

1.Nf3 Nf6 2.b3 g6 3.Bb2 Bg7 4.e3 d5 5.c4 c6 6.cxd5 cxd5 7.Be2 O-O 8.O-O 
Nc6 9.d4 Bg4 10.Nc3 Rc8 11.Na4 Ne4 12.h3 Bd7 13.Nc3 Nxc3 14.Bxc3 f5 15.Qd2
Bh6 16.Ne5 Nxe5 17.dxe5 e6 18.g3 g5 19.f4 Kh8 20.Bf3 Bb5 21.Rf2 gxf4 22.
exf4 Rg8 23.Kh2 Qb6 24.Bd4 Qc7 25.a4 Ba6 26.Ra2 b6 27.Bh5 Qg7 28.Rg2 Qe7 
29.a5 bxa5 30.Rxa5 Rc6 31.Qe3 Rgc8 32.h4 Qb4 33.Ra4 Qe7 34.Bf3 R8c7 35.Qd2
Bb5 36.Ra2 a6 37.Bh5 Rc8 38.b4 Rc4 39.Bc5 Qd8 40.Qf2 Re4 41.Bf3 Rc4 42.Be2
Re4 43.Bxb5 axb5 44.Ra6 Qd7 45.Rg1 Bf8 46.Bxf8 Rxf8 47.Ra7 Qe8 48.Rc1 Rc4 
49.Rca1 Qc8 50.Qf3 Rc2+ 51.Kh3 Rc3 52.Qh5 Rxg3+ 53.Kxg3 Rg8+ 54.Qg5 Qc3+ 
55.Kf2 Qd2+ 56.Kf3 Rxg5 57.hxg5 Qd3+ 58.Kf2 Qd4+ 59.Kg3 Qe3+ 60.Kg2 Qe4+ 
61.Kg3 Qe3+ 62.Kg2 Qxf4 63.g6 Qg4+ 64.Kf2 Qh4+ 65.Kg2 Qe4+ 66.Kf2 hxg6 67.
R1a6 Qd4+ 68.Kf3 Qe4+ 69.Kf2 d4 70.Rxe6 Qe3+ 71.Kg2 Qd2+ 72.Kg3 Qg5+ 73.
Kf2 Qe3+ 74.Kg2 Qe4+ 75.Kf2 Qc2+ 76.Kg1 Qb1+ 77.Kh2 Qc2+ 78.Kg1 Qd1+ 79.
Kf2 Qd2+ 80.Kg1 Qg5+ 81.Kf2 Qh4+ 82.Kg2 Qg4+ 83.Kf2 Qh4+ 84.Kg2 Qe4+ 85.
Kf2 Qc2+ 86.Kg1 Qb1+ 87.Kh2 Qc2+ 88.Kg1 Qd1+ 89.Kf2 Qd2+ 90.Kg1 Qe1+ 91.
Kg2 Qe2+ 92.Kg1 Qg4+ 93.Kf2 Qh4+ 94.Kg2 Qg4+ 95.Kf2 Qh4+ 96.Kg2 Qg4+ 97.
Kf2 Qh4+ 1/2-1/2